Fleissige Hand im Egerland

Titel: Fleissige Hand im Egerland : [über das Handwerk, das Gewerbe, mittelständische- und Industriearbeit]
Veröffentlicht: Nürnberg : Preussler, Egerland-Verl., 1991
Umfang: 72 S. : Ill.
Format: Buch
Sprache: Deutsch
Schlagworte:
ISBN: 3925362665
Buchumschlag
X
Lokale Klassifikation: 25 8 E 1 ; 25 13 C
alg: 2038868
001A    $06000:02-06-92 
001B    $01999:14-04-21 $t19:49:46.000 
001C    $03004:10-02-06 $t10:47:06.000 
001D    $00000:00-00-00 
001U    $0utf8 
001X    $00 
002@    $0Aaxc 
003@    $0020388683 
003O    $0231337733 $aOCoLC 
004A    $03-925362-66-5 
006G    $0920661440 
006U    $092,A23,0954 
007A    $0920661440 $aDNB 
007T    $0Herdhh020388683 
010@    $ager 
011@    $a1991 $n1991 
015@    $0Z 
021A    $a@Fleissige Hand im Egerland $d[über das Handwerk, das Gewerbe, mittelständische- und Industriearbeit] 
033A    $pNürnberg $nPreussler, Egerland-Verl. 
034D    $a72 S. 
034M    $aIll. 
041A    $#Chebsko $74013600-0 $8Egerland [Tg1] $9085030007 
041A/01 $RGewerbe $#Handicraft $#Artisanat $#handicrafts $#Handwerk $#Handwerk $74023299-2 $8Handwerk [Ts1] $9085057525 
045E    $a65 $a17 $a64 
045F    $a330.094371 $eDDC23BSB 
045F/01 $a330.09 
045F/03 $g4371 
045F/03 $g4385 
045R    $aGeschichte 

lok: 2038868 24
101B    $010-02-06 $t10:47:06.000 
145Z/01 $a25 8 E 1 
145Z/02 $a25 13 C 
101U    $0utf8 

exp: 2038868 24 1 #EPN
201B/01 $010-02-06 $t10:47:06.000 
203@/01 $0086287362 
208@/01 $a29-10-92 $bh 
209A/01 $a25 VIII E 50/24 $du $f050 $h25 8 E 50 24 $x00 
209C/01 $aK 92.2411 $h92 2411 K 
209G/01 $a71294455 $x00 
247C/01 $8358050-7 Marburg, Bibliothek des Herder-Instituts Marburg $9102600961 
201U/01 $0utf8 

lok: 2038868 78

exp: 2038868 78 1 #EPN
201B/01 $025-11-17 $t22:46:16.000 
201U/01 $0utf8 
203@/01 $0793169399 
208@/01 $a12-11-16 $be 
209A/01 $a/ $f000 $x00 
237A/01 $aweiterführende Signatur(en): Herder-Institut: 25 VIII E 50/24 
244Z/01 $#Tschechien $#Tschechische Republik $#Tschechische Republik $#Tschechenland $#Tschechei Tschechien $#Česká Republika $#Czech Republic $#ČR $74303381-7 $8--Tg1--Tschechien $x01 $9086659812 
244Z/01 $2Trx $#Böhmen $#Bohemia $#Czechy $8--Trx--Čechy $x02 $9391188941 
244Z/01 $2Trx $#Silesia $#Śląsk $#Sliezsko $#Slezsko $8--Trx--Schlesien $x03 $9391173987 
244Z/01 $2Trx $#käsitöö $#amatai $#artisans $#kézmüvesség $#rzemiosło $#remeslá $#řemesla $#Gewerbe $#živnosti $8--Trx--Handwerk $x04 $9391357891 
245Z/01 $a09.04 $x01 
247C/01 $82080>Marburg/Lahn, Herder-Institut, Forschungsbibliothek, Bibliographieportal $9336309341
LEADER 00000cam a22000002c 4500
001 020388683
003 DE-603
005 20210414194946.0
007 tu
008 920602s1991 xx |||| | u00||u|ger
015 |a 92,A23,0954  |2 dnb 
016 7 |2 DE-101  |a 920661440 
020 |a 3925362665 
035 |a (DE-599)DNB920661440 
035 |a (OCoLC)231337733 
040 |a DE-603  |b ger  |c DE-603  |d DE-603 
041 |a ger 
082 0 4 |8 1\u  |a 330.094371  |q DE-101  |2 23/BSB 
084 |a 65  |a 17  |a 64  |q DE-101  |2 sdnb 
085 |8 1\u  |b 330.09 
085 |8 1\u  |z 2  |s 4371 
085 |8 1\u  |z 2  |s 4385 
245 0 0 |a Fleissige Hand im Egerland  |b [über das Handwerk, das Gewerbe, mittelständische- und Industriearbeit] 
264 1 |a Nürnberg  |b Preussler, Egerland-Verl.  |c 1991 
300 |a 72 S.  |b Ill. 
648 7 |a Geschichte  |2 gnd 
650 7 |a Handwerk  |0 (DE-588)4023299-2  |0 (DE-603)085057525  |2 gnd 
651 7 |a Egerland  |0 (DE-588)4013600-0  |0 (DE-603)085030007  |2 gnd 
924 0 |9 Mb 50  |a (DE-603)086287362  |b DE-Mb50  |c HES  |d c  |g 25 VIII E 50/24 
924 0 |9 2080  |a (DE-603)793169399  |b DE-2080  |c HES  |d d  |g /